Currencies of South & Central Asia Map Quiz - Statistics

General Stats
  • This quiz has been taken 38 times
    37 since last reset
  • The average score is 7 of 10
Answers on the Map
Answers color-coded by a green-red scale on the quiz's map according to % correct below.
 
Answer Stats
Answer % Correct
Rupee
95%
Afghani
89%
Rufiyaa
84%
Ngultrum
74%
Taka
74%
Tenge
74%
Manat
68%
Som
63%
Somoni
47%
Sum
47%
No matching quizzes found
Score Distribution
Percent of People with Each Score
Percentile by Number Answered
Your Score History
You have not taken this quiz since the last reset